| 000 | 00590nam a2200217 a 4500 | ||
|---|---|---|---|
| 001 | 3483 | ||
| 003 | CDMR | ||
| 005 | 20131204123744.0 | ||
| 008 | 130130s1974||||||||||||||||||||||||||||d | ||
| 040 |
_aCDMR _bcat _cCDMR |
||
| 100 | 1 |
_aHabermas, Jürgen _91141 |
|
| 245 | 1 | 0 |
_aStoria e critica dell'opinione pubblica _cJürgen Habermas |
| 250 | _a2a ed. | ||
| 260 |
_aRoma _c1974 _bLaterza |
||
| 300 | _a307 p. | ||
| 490 | 0 |
_aBiblioteca di Cultura Moderna Laterza _v713 |
|
| 650 | 0 | 4 |
_92537 _aOpinió pública |
| 650 | 0 | 4 |
_94445 _aTeoria crítica |
| 650 | 0 | 4 |
_9875 _aPublicitat |
| 942 |
_cMON _2udc |
||
| 999 |
_c3483 _d3483 |
||